Normal view
MARC view
- ULTRASONICS WAVES-INDUSTRIAL APPLICATIONS.ULTRASONICS
Entry Topical Term
001 - CONTROL NUMBER
- control field: 63913
003 - CONTROL NUMBER IDENTIFIER
- control field: NUST
005 - DATE AND TIME OF LATEST TRANSACTION
- control field: 20210628203208.0
008 - FIXED-LENGTH DATA ELEMENTS
- fixed length control field: 210628|| aca||aabn | a|a d
040 ## - CATALOGING SOURCE
- Original cataloging agency: NUST
- Transcribing agency: NUST
150 ## - HEADING--TOPICAL TERM
- Topical term or geographic name entry element: ULTRASONICS WAVES-INDUSTRIAL APPLICATIONS.ULTRASONICS
670 ## - SOURCE DATA FOUND
- Source citation: Work cat.: (NUST): Ensminger, Dale, Stulen, Foster B 63912, Ultrasonics, data,equations, and their practical uses, 2009
